000 00674nam a2200217 a 4500
999 _c914
_d914
003 BD-JhCC
005 20190225134007.0
008 171011s1418 bg |||| ||a| 000 0 ben d
020 _a9789842001390
035 _a(BD-JhCC)
040 _aBD-JhCC
_dBD-JhCC
041 _aben
082 _a891.443
_bHOS 1418
100 _aহোসেন, মীর মশাররফ
245 _aবিষাদ-সিন্ধু /
_cমীর মশাররফ হোসেন
260 _aঢাকা :
_bঅ্যাডর্ন পাবলিকেশন,
_c1418.
300 _a360 P. :
_c22 cm.
650 _aBengali Historical Novel
942 _2ddc
_cBK
_02